Kursus pengenalan : Akta bangunan dan harta bersama ( penyenggaraan dan pengurusan ) 2007 ( Akta 663 ), Akta hakmilik strata 1985 :

Bibliographic Details
Corporate Authors: Kursus pengenalan Akta bangunan dan harta bersama ( penyenggaraan dan pengurusan ) 2007 ( Akta 663 ),Akta hakmilik strata 1985, INSPEN ( Institut Penilaian Negara )
Format: Book
Language:Malay
Published: Bangi : Institut Penilaian Negara , 2009
Subjects:
Online Access:http://app.inspen.gov.my:7779/pls/portal/docs/PAGE/CORPORATEPAGES/PORTAL_INSPEN/NOTA_KURSUS/MANAGEMENT/26.%20KURSUS%20PENGENALAN.PDF

MARC

LEADER 00000cam a2200000 7i4500
001 0000022713
005 20100604.0
008 100428 my a may
040 |a INS 
090 0 0 |a M255 
110 1 |a Kursus pengenalan Akta bangunan dan harta bersama ( penyenggaraan dan pengurusan ) 2007 ( Akta 663 ),Akta hakmilik strata 1985 ,   |d 2009 16 - 19 November   |c INSPEN, Bangi 
245 0 0 |a Kursus pengenalan :   |b Akta bangunan dan harta bersama ( penyenggaraan dan pengurusan ) 2007 ( Akta 663 ), Akta hakmilik strata 1985 :   |b 16 - 19 November 2009   |c Anjuran Pusat Penilaian dan Perkhidmatan Harta, INSPEN 
260 |a Bangi :   |b Institut Penilaian Negara ,   |c 2009 
300 |a 1v. (Various pagings) :   |b ill ;   |c 30 cm. 
650 0 |a Building laws   |z Malaysia 
710 1 |a INSPEN ( Institut Penilaian Negara ) 
856 |u http://app.inspen.gov.my:7779/pls/portal/docs/PAGE/CORPORATEPAGES/PORTAL_INSPEN/NOTA_KURSUS/MANAGEMENT/26.%20KURSUS%20PENGENALAN.PDF 
999 |a M000000563   |b BOOK   |c Course Notes   |e Default branch 
999 |a M000000564   |b BOOK   |c Course Notes   |e Default branch 
999 |a M000000565   |b BOOK   |c Course Notes   |e Default branch